• 首页
  • 本馆介绍
  • 公告通知
  • 最新文献
  • 馆藏检索
  • 电子资源
  • 读者导购
  • 参考咨询
  • 我的图书馆
  • 登录
  • 详细信息显示
  • 放入我的书架
  • 预约/预借图书
  • 作者相关作品
  • 分类相关作品
  • 丛书相关作品
  • 出版社相关作品

书目信息

  • 表格格式
  • 工作单格式
  • 卡片格式
题名:
出土文獻綜合研究集刊
    
 
作者: 孟蓬生 主编
分册: 第十二輯  
出版信息: 成都   巴蜀書社  2020.12
页数: 159页
开本: 26cm
丛书名:
单 册:
中图分类: K877.04
科图分类:
主题词: 出土文物--chu tu wen wu--文献--研究--中国
电子资源:
ISBN: 978-7-5531-1438-5
000 00984nam 2200277 450
001 CAL 0120217224233
005 20230303120931.58
010    @a978-7-5531-1438-5@dCNY68.00
100    @a20210810d2020 em y0chiy0120 ea
101 0  @achi@eeng
102    @aCN@b510000
105    @aa a 000yy
106    @ar
200 1  @a出土文獻綜合研究集刊@Achu tu wen xian zong he yan jiu ji kan@h第十二輯
210    @a成都@c巴蜀書社@d2020.12
215    @a159页@c图@d26cm
300    @a西南大學創新團隊項目『古文字與出土文獻研究』
314    @a书内题: 孟蓬生主編
320    @a有书目
330    @a全书收集16篇论文, 分别对甲骨文、金文、简帛、碑刻及敦煌文献等出土文献进行研究。内容包括: 山西青铜博物馆藏玄翏戟考释 ; 碑刻资料所见东汉“湖湘籍”官吏考述等。
518 1  @a出土文献综合研究集刊
606 0  @a出土文物@Achu tu wen wu@x文献@x研究@y中国
690    @aK877.04@v5
701  0 @a孟蓬生@Ameng peng sheng@4主编
801  0 @aCN@bBJXHZP@c20230228
905    @b1386603-6@dK877.04@e523:12@f4
    
    出土文獻綜合研究集刊.第十二輯.-成都:巴蜀書社,2020.12
    159页:图;26cm
    西南大學創新團隊項目『古文字與出土文獻研究』
    
    ISBN 978-7-5531-1438-5:CNY68.00
    全书收集16篇论文, 分别对甲骨文、金文、简帛、碑刻及敦煌文献等出土文献进行研究。内容包括: 山西青铜博物馆藏玄翏戟考释 ; 碑刻资料所见东汉“湖湘籍”官吏考述等。
●
相关链接 在E读中查询图书 在五车中查询图书 在当当中查询图书 在豆瓣中查询图书


正题名:出土文獻綜合研究集刊     索取号:K877.04/523:12         预约/预借

序号 登录号 条形码 馆藏地/架位号 状态 备注
1 1386603   213866039   第二样本阅览室/ [索取号:K877.04/523:12] 在馆    
2 1386604   213866048   第二借阅区/ [索取号:K877.04/523:12] 在馆    
3 1386605   213866057   第二借阅区/ [索取号:K877.04/523:12] 在馆    
4 1386606   213866066   第二借阅区/ [索取号:K877.04/523:12] 在馆    
唐山师范学院图书馆 欢迎您!
大连网信软件有限公司© 版权所有